000 00425cam a2200169ua 4500
020 _c1.25
041 _amal
_h
082 _a894.8122
_bTHO/AV
100 _aThomas, C.J .
245 _aAvan veentum varunnu /
_cC.J.Thomas.
_hTextual Documents
260 _aKottayam :
_bSahitya Pravarthaka Co-operative Society ,
_c1959.
300 _a70 ; .
365 _a1.25
504 _a
942 _cBK
999 _c1087
_d1087